000
00285nam a22001337a 4500
008
181023b xxu||||| |||| 00| 0 eng d
020
_a
9780465044283
041
_a
eng
080
_a
620
100
_a
27
101
_a
MEK
245
_a
Hacking Matter
_c
Carthy,W.M
942
_2
udc
_c
BK
999
_c
50610
_d
50610